आत्म कथांक तपता बचपन अपना जीवन / (Record no. 212820)

MARC details
000 -LEADER
fixed length control field 00706nam a22001817a 4500
005 - DATE AND TIME OF LATEST TRANSACTION
control field 20250805122751.0
010 ## - LCCN (DPL NO)
LC control number HIN-130135
020 ## - INTERNATIONAL STANDARD BOOK NUMBER
International Standard Book Number 9789362497895
Terms of availability 399.00
035 ## - SYSTEM CONTROL NUMBER
System control number HN-102481
037 ## - SOURCE OF ACQUISITION
Source of stock number/acquisition DBAD
082 ## - DEWEY DECIMAL CLASSIFICATION NUMBER
Classification number 921
100 ## - MAIN ENTRY--PERSONAL NAME
Personal name भामडा, दयाराम सिंह
245 ## - TITLE STATEMENT
Title आत्म कथांक तपता बचपन अपना जीवन /
Statement of responsibility, etc दयाराम सिंह भामडा
260 ## - PUBLICATION, DISTRIBUTION, ETC. (IMPRINT)
Name of publisher, distributor, etc ड्रीमबुक पब्लिशिंग
Date of publication, distribution, etc 2025
270 ## - ADDRESS
Telephone number 7249951871
Electronic mail address info@dreambookpublishing.com
300 ## - PHYSICAL DESCRIPTION
Extent 341पृ.
Other physical details 22सेमी (अजिल्द)
942 ## - ADDED ENTRY ELEMENTS (KOHA)
Source of classification or shelving scheme Dewey Decimal Classification
Item type Hindi Books
Classification part 921
Call number suffix भामडा
Holdings
Withdrawn status Lost status Not for loan Collection code Home library Current library Date acquired Source of acquisition Cost, normal purchase price Full call number Barcode Copy number Cost, replacement price Koha item type
      Non-fiction Sarojini Nagar Sarojini Nagar 04/08/2025 DBAD 399.00 921 भामडा HN-102481 1 399.00 Hindi Books

© Delhi Public Library
Hit Counter
free hit counter